00664 2200241 4500001002100000005001700021008004100038020002200079035002400101041000800125043001200133082001100145090002200156100001400178245008200192250001100274260003200285300002600317650002200343700002300365850001200388999002200400YOGYA-0511000000124920110523084917.0 ind  a978-602-955-895-1 0010-051100000001248 aInd aYOPDYOG a789.91 aDEP 789.91bAdi T aADI JAROT aTips menjadikan kar sebagai ruang studio / Adi Jarot; editor Evi Rine Hartuti aCet. 1 aYogyakartabFlashbookc2010 a207 hllmbilusc20 cm aMusik - Perekaman aHartuti , Evi Rine aYOPDYOG aCB-D.11 2010-1497